Пушту-русский словарь: 50 000 слов
| Autor Principal: | |
|---|---|
| Corporate Authors: | , |
| Outros autores: | |
| Summary: | Загл. 1-го изд.: Афганско-русский словарь (пушту). На пер. автор не указан. |
| Idioma: | paxto ruso |
| Publicado: |
Москва, Русский язык, 1985
|
| Edición: | 2-е изд., стер. |
| Subjects: | |
| Formato: | Libro |
| KOHA link: | https://koha.lib.tpu.ru/cgi-bin/koha/opac-detail.pl?biblionumber=23606 |
MARC
| LEADER | 00000nam0a2200000 4500 | ||
|---|---|---|---|
| 001 | 23606 | ||
| 005 | 20231101205548.0 | ||
| 035 | |a (RuTPU)RU\TPU\book\23827 | ||
| 035 | |a BOOK00023900 | ||
| 090 | |a 23606 | ||
| 100 | |a 20011209d1985 km y0rusy50 ca | ||
| 101 | 0 | |a pus |a rus | |
| 102 | |a RU | ||
| 105 | |a a e 000zy | ||
| 200 | 1 | |a Пушту-русский словарь |e 50 000 слов |f М. Г. Асланов |g Академия наук СССР (АН СССР), Институт востоковедения (ИВ) ; Институт этнографии имени Н. Н. Миклухо-Маклая ; под ред. Н. А. Дворянкова | |
| 205 | |a 2-е изд., стер. | ||
| 210 | |a Москва |c Русский язык |d 1985 | ||
| 215 | |a 1007 с. | ||
| 300 | |a Загл. 1-го изд.: Афганско-русский словарь (пушту). | ||
| 300 | |a На пер. автор не указан. | ||
| 327 | 0 | |a Прил.: Новые слова. | |
| 606 | |a Пушту афганский язык |2 stltpush |3 (RuTPU)RU\TPU\subj\53250 |9 71566 | ||
| 610 | 1 | |a словари | |
| 686 | |a Ш152.321 |v LBC/SL-A |2 rubbk | ||
| 700 | 1 | |a Асланов |b М. Г. |g Мартирос Григорьевич | |
| 702 | 1 | |a Дворянков |b Н. А. |4 340 | |
| 712 | 0 | 2 | |a Академия наук СССР (АН СССР) |b Институт востоковедения (ИВ) |c (Москва) |2 stltpush |3 (RuTPU)RU\TPU\col\11263 |
| 712 | 0 | 2 | |a Академия наук СССР (АН СССР) |b Институт этнографии им. Н. Н. Миклухо-Маклая (ИЭ) |c (Москва) |c (1937-1991) |2 stltpush |3 (RuTPU)RU\TPU\col\14703 |
| 801 | 0 | |a RU |b 63413507 |c 20011209 |g PSBO | |
| 801 | 2 | |a RU |b 63413507 |c 20180207 |g PSBO | |
| 942 | |c BK | ||